000 01136nmm a2200325 a 4500
001 ocm0002347862
003 TR-IsHL
005 20201028190118.0
008 191225s2019 tu tur
007 cr cn
020 _a9786059118910
035 _a2347862
_b(N$T)
050 0 4 _aQA76.73.S345
_bS695 2019
090 0 4 _aQA76.73.S345
_bS695 2019
100 1 _aSoylu, Esra
245 1 0 _aScratch ile Arduino
_h[electronic resource] /
_cEsra Soylu ; Emine Aytekin ; yayına hazırlık Merve Nur Şengül ; editörler İrem Soylu, Gizem Aksan
250 _a6. Baskı
260 _aİstanbul :
_bKODLAB Yayın Dağıtım,
_c2019
300 _a149 p.
650 4 _aMühendislik ve Teknoloji
650 4 _aEngineering and Technology
650 0 _aScratch (Bilgisayar programlama dili)
650 0 _aScratch (Computer program language)
650 7 _aCOMPUTERS / Languages / General
_2bisacsh
700 1 _aAytekin, Emine
700 1 _aŞengül, Merve Nur
700 1 _aSoylu, İrem
700 1 _aAksan, Gizem
856 4 0 _uhttp://search.ebscohost.com/login.aspx?direct=true&scope=site&db=e011xww&AN=2347862
999 _c21770
_d21770